000 00393nam a2200145 i 4500
001 bg
100 1 _aJENDO, Stefan
245 0 _aPrzekrycia wiszące :
_bobliczenia statyczne i kształtowanie /
_cStefan Jedno, Antoni Stachowicz.
260 _aWarszawa,
_c1974.
700 1 _aSTACHOWICZ, Antoni
040 _cBPK
041 _apol
942 _cKS
008 s pl f |000 0 pol
999 _c16031
_d16031
856 _uhttp://koha.tu.koszalin.pl/cgi-bin/koha/opac-detail.pl?biblionumber=16031
_yKatalog online BPK